000 00448nam a2200157 4500
001 140229
003 ES-MaACL
005 20230906200033.0
007 t|
008 070214s1912 sp r ||||1| spa d
100 1 _aSegovia, Gertrudis.
_9105149
245 1 0 _aPara los niños
_b: cuentos de hadas /
_cGertrudis Segovia.
260 _aMadrid :
_b[s. n.],
_c1912 (
_fImp. Española)
300 _a314 p. ;
_c19 x 12 cm.
852 _aES-MaACL
_jF-2389
999 _c140229
_d140229